Score 0/9 Timer 00:30
0 Plays Today
% Correct
alien questionable homosexual
89.9%
the american dad
89.7%
man in a fishes body
89.2%
daughter
88.3%
wife
87.8%
son
87.2%
daughter's husband
84.6%
principle
78.4%
0%
Remove Ads.
Support Sporcle.
Get the best of Sporcle when you Go Orange. This ad-free experience offers more features, more stats, and more fun while also helping to support Sporcle. Thank you for becoming a member.

You're not logged in!

Compare scores with friends on all Sporcle quizzes.
OR
Log In

Show Comments

Extras

Top Quizzes Today


Score Distribution

Your Account Isn't Verified!

In order to create a playlist on Sporcle, you need to verify the email address you used during registration. Go to your Sporcle Settings to finish the process.

Report this User

Report this user for behavior that violates our Community Guidelines.

Details: